| 000 | 00395nam a22001337a 4500 | ||
|---|---|---|---|
| 999 |
_c523936 _d523936 |
||
| 008 | 231016b ||||| |||| 00| 0 eng d | ||
| 100 |
_aJohnson, Ian _944163 |
||
| 245 | _aXi’s age of stagnation: The great walling off of China | ||
| 260 | _aForeign Affairs | ||
| 300 | _a102(5), Sep-Oct, 2023: p. 102-117 | ||
| 773 | _aForeign Affairs | ||
| 906 | _aCHINA - FOREIGN POLICY | ||
| 942 | _cAR | ||